| 000 | 00392nam a2200181Ia 4500 | ||
|---|---|---|---|
| 001 | 7324 | ||
| 005 | 20260306160447.0 | ||
| 008 | 260306t2009||||xx |||||||||||||| ||spa|| | ||
| 041 | _aESP | ||
| 082 |
_a338.5 _bP59 2009 |
||
| 100 |
_aPindyck , Robert S _eAUT |
||
| 245 | 0 | _aMicroeconomÃa | |
| 260 | _c2009 | ||
| 300 |
_a _c |
||
| 650 | _aGEN | ||
| 654 | _aCAN | ||
| 942 |
_cLIB _dJUS _fJUS _2ddc _n |
||
| 999 |
_c7324 _d7324 |
||